000 00567nam a2200193Ia 4500
005 20250326142844.0
008 250326s9999 xx 000 0 und d
020 _a81-7629-407-1
037 _aTextbook
040 _aFMSL
_beng
_cFMSL
041 _aeng
_2eng
084 _aX9SobY15 P2
_qFMSL
100 _aDhameja S K
245 0 _aWomen enterpreneurs ; opportunities, performance and problems
_cDhameja S K
260 _aNew Delhi
_bNew Delhi, Deep & Deep
_c2002
300 _axiv,210
942 _cTB
_hX9SobY15 P2
999 _c1296960
_d1296960